Regulation rollercoaster (Record no. 68990)

MARC details
000 -LEADER
fixed length control field 01012cam a2200241 4500
001 - CONTROL NUMBER
control field ABS64760
008 - FIXED-LENGTH DATA ELEMENTS--GENERAL INFORMATION
fixed length control field 011203n2001 000 0 eng u
035 ## - SYSTEM CONTROL NUMBER
System control number (Sirsi) u115820
100 ## - MAIN ENTRY--PERSONAL NAME
Personal name Palmer, T.
245 ## - TITLE STATEMENT
Title Regulation rollercoaster
260 ## - PUBLICATION, DISTRIBUTION, ETC.
Date of publication, distribution, etc. 2001
490 ## - SERIES STATEMENT
Series statement House Builder
Volume/sequential designation 60(10) November 2001, 59-60(2)
520 ## - SUMMARY, ETC.
Summary, etc. Examines how imminent changes to new sound and thermal regulations will impact on the insulation sector. Cavity wall insulation is central to government's long-term energy efficiency programme and in reducing emissions of carbon dioxide. The process will be an integral part of the new Building Regulations due in 2002 when a 0.35 U-value for walls will become the standard requirement.
590 ## - LOCAL NOTE (RLIN)
Local note ABS
650 ## - SUBJECT ADDED ENTRY--TOPICAL TERM
Topical term or geographic name entry element THERMAL REGULATIONS
650 ## - SUBJECT ADDED ENTRY--TOPICAL TERM
Topical term or geographic name entry element INSULATION SECTOR
650 ## - SUBJECT ADDED ENTRY--TOPICAL TERM
Topical term or geographic name entry element CARBON DIOXIDE
650 ## - SUBJECT ADDED ENTRY--TOPICAL TERM
Topical term or geographic name entry element BUILDING REGULATIONS
9 (RLIN) 6224
650 ## - SUBJECT ADDED ENTRY--TOPICAL TERM
Topical term or geographic name entry element SOUND REGULATIONS
650 ## - SUBJECT ADDED ENTRY--TOPICAL TERM
Topical term or geographic name entry element INSULATION
690 ## - LOCAL SUBJECT ADDED ENTRY--TOPICAL TERM (OCLC, RLIN)
Topical term or geographic name as entry element BUILDING AND CONSTRUCTION-REGULATIONS
942 ## - ADDED ENTRY ELEMENTS (KOHA)
Suppress in OPAC 0
Holdings
Withdrawn status Lost status Source of classification or shelving scheme Damaged status Not for loan Home library Current library Shelving location Date acquired Total Checkouts Full call number Barcode Date last seen Copy number Price effective from Koha item type
    Dewey Decimal Classification     London London Journal article 03/12/2001   ABS64760 115820-1001 06/08/2019 1 06/08/2019 Journal article